000 00865nam a22003017a 4500
001 0001228
003 KOHA_MİRAKIL
005 20260207001234.0
007 ta
008 081212b2006 tu |||gr||||#0|||0|tur |
020 _a9756477784
_cYTL12,69
040 _aTR-BiSEU
_btur
_cTR-BiSEU
_erda
041 0 _atur
044 _ctu
050 _aQA76.76.H94
_bP45 2006
100 1 _aPekgöz, Numan.
245 1 _aWeb'de erişilirlik, XHTML ve CSS/
_cNuman Pekgöz ; Numan Pekgöz.
264 1 _aİstanbul :
_bPusula
_c2006
300 _a115 sayfa ;
_c24 cm.
336 _ametin
_btxt
_2rdacontent
337 _aaracısız
_bn
_2rdamedia
338 _acilt
_bnc
_2rdacarrier
650 0 _aWeb sites--Design.
_91526
650 0 _aCascading style sheets.
_94215
650 0 _aXHTML (Document markup language).
_94216
907 _aBilgisayar
942 _2lcc
_cBK
999 _c1221
_d1221